Dopad úverovej krízy na Solvency II a reguláciu v poisťovníctve
Veľká nestabilnosť situácie vo svetovom finančnom systéme. Príčiny a okolnosti tohto vývoja. Postoj CEIOPS. Pravdepodobné dopady na Solvency II.
Enregistré dans:
| Auteur principal: | |
|---|---|
| Format: | Chapitre de livre |
| Langue: | slovaque |
| Sujets: | |
| Tags: |
Pas de tags, Soyez le premier à ajouter un tag!
|
MARC
| LEADER | 00000naa$a2200000$$$4500 | ||
|---|---|---|---|
| 001 | 0090100 | ||
| 005 | 20231107121442.5 | ||
| 041 | 0 | |a slo | |
| 044 | |a SK | ||
| 245 | 1 | 0 | |a Dopad úverovej krízy na Solvency II a reguláciu v poisťovníctve |c Pavol Dorčák |
| 520 | |a Veľká nestabilnosť situácie vo svetovom finančnom systéme. Príčiny a okolnosti tohto vývoja. Postoj CEIOPS. Pravdepodobné dopady na Solvency II. | ||
| 610 | 2 | 0 | |a kríza finančná |
| 610 | 2 | 0 | |a hospodárstvo svetové |
| 610 | 2 | 0 | |a recesia |
| 610 | 2 | 0 | |a riziko |
| 610 | 2 | 0 | |a poisťovníctvo |
| 100 | 1 | |a Dorčák, Pavol | |